000 02297nam0a2200373 4500
001 RU\NLR\bibl\1495878
005 20250630113410.0
010 _a978-5-699-26474-2
_93000
021 _aRU
_b2010-11087
_9733
035 _a(NLR Aleph) 001487382
035 _a(nilc)RSL-KNO-004584594
090 _a1741777
_c1741777
100 _a20100216d2010 |||y0rusy50 ca
101 0 _arus
102 _aRU
105 _ay zzzz|||||
200 1 _aКрылатые латинские выражения
_e[4000 знаменитых фраз, изречений, устойчивых выражений от великих авторов античности
_fавт.-сост.: Ю. С. Цыбульник]
210 _aМосква
_cЭксмо
_d2010
215 _a989, [1] с.
_cил.
_d22
320 _aБиблиогр.: с. 985-987
320 _aАлф. указ.: с. 860-984
606 1 _aЛатинский язык
_xФразеологические словари
_xРусский язык
_91434388
_3RU\NLR\auth\66606460
610 0 _aФилологические науки. Художественная литература -- Языкознание -- Индоевропейские языки -- Латинский язык. Италийские языки -- Латинский язык -- Классическая латынь -- Лексикография -- Фразеологические и идиоматические словари
610 0 _aФилологические науки. Художественная литература -- Мировая литература -- Литература древнего мира -- Античная литература -- Римская литература -- Произведения античной литературы -- Сборники отрывков, мыслей, афоризмов из произведений разных жанров и одного жанра
686 _aШ146.11-433
_2rubbk
686 _aШ5(0)35-6я48
_2rubbk
686 _aШ146.12-433.1
686 _aШ141.12-433.2
702 1 _aЦыбульник
_bЮ. С.
_gЮлия Сергеевна
_4220
801 0 _aRU
_bРГБ
_c20100216
_grcr
801 1 _aRU
_bРГБ
_c20100216
801 2 _aRU
_bNLR
_c20100408
_grcr
942 _cBOOK
980 _aNB